000 00708nam a22001817a 4500
005 20231114105200.0
010 _aHIN-126304
020 _a9789388793544
_c250.00
035 _aHN-98650
037 _bDBAD/PUB
082 _a
100 _aबाथम,प्रकाश
_958592
245 _aबर्फ से घिरा मकान/
_cप्रकाश बाथम
260 _aगाज़ियाबाद
_bके एल पचौरी प्रकाशन
_c2021
270 _aडी -8 इंद्रापुरी लोनी
_bगाज़ियाबाद
_e201102
300 _a144 पृष्ठ
_c23 (सजिल्द)
942 _cHN
_h
_2ddc
_mबाथम
999 _c199064
_d199064